Report of the Motor Vehicle Taxation Enquiry Committee (Record no. 489517)

000 -LEADER
fixed length control field 00499cam a22001457a 4500
008 - FIXED-LENGTH DATA ELEMENTS--GENERAL INFORMATION
fixed length control field 180718b1950 xxu||||| |||| 00| 0 eng d
082 ## - DEWEY DECIMAL CLASSIFICATION NUMBER
Classification number L26x54 In2m
100 ## - MAIN ENTRY--PERSONAL NAME
Personal name India. Motor Vehicle Taxation Enquiry Committee
245 ## - TITLE STATEMENT
Title Report of the Motor Vehicle Taxation Enquiry Committee
Statement of responsibility, etc. by Ministry of Transport
260 ## - PUBLICATION, DISTRIBUTION, ETC.
Place of publication, distribution, etc. Delhi
Name of publisher, distributor, etc. The Manager of Publications
Date of publication, distribution, etc. 1950
300 ## - PHYSICAL DESCRIPTION
Extent 224+p.
500 ## - GENERAL NOTE
General note Chairman: M.N. Dalal
700 ## - ADDED ENTRY--PERSONAL NAME
Personal name India. Ministry of Transport
700 ## - ADDED ENTRY--PERSONAL NAME
Personal name Dalal, M.N. (Chairman)
Holdings
Withdrawn status Lost status Damaged status Not for loan Permanent Location Current Location Date acquired Full call number Barcode Date last seen Price effective from Koha item type
        Indian Institute of Public Administration Indian Institute of Public Administration 2018-08-04 L26x54 In2m G1502 2018-08-04 2018-08-04 G

Powered by Koha